000 00297nam a22001337a 4500
008 170907b xxu||||| |||| 00| 0 eng d
020 _a9781412915168
041 _aeng
080 _22ND
_a91
100 _a42
101 _aGJEO
245 _aDIVERISTY IN AMERICA
_cPARRILLO,V.N
942 _2udc
_cBK
999 _c26640
_d26640